[Event "Luxembourg-chT 1415"]
[Site "Luxembourg"]
[Date "2015.03.01"]
[Round "8"]
[White "Lucifora, Nicolas"]
[Black "Fadil, Hicham"]
[Result "1/2-1/2"]
[WhiteElo "1885"]
[BlackElo "1939"]
[PlyCount "69"]
[EventDate "2014.10.05"]
[EventType "team-tourn"]
[EventRounds "10"]
[EventCountry "LUX"]
[SourceTitle "EXT 2017"]
[Source "ChessBase"]
[SourceDate "2016.10.25"]
[SourceVersion "1"]
[SourceVersionDate "2016.10.25"]
[SourceQuality "1"]

1. e4 c5 2. d4 e6 3. Nf3 cxd4 4. c3 dxc3 5. Nxc3 Nc6 6. Bc4 Bb4 7. 0-0 Nf6 8. e5 Ng4 9. Bf4 f6 10. Qe2 fxe5 11. Nxe5 Ngxe5 12. Bxe5 Nxe5 13. Qxe5 Qf6 14. Qg3 Bxc3 15. bxc3 0-0 16. Bd3 b6 17. Rad1 Bb7 18. Bc2 Bc6 19. Rd4 Rf7 20. Rh4 g6 21. Rg4 Rg7 22. Rf4 Qe7 23. Rd1 g5 24. Rfd4 Rf8 25. h3 Qf6 26. Rf1 h5 27. Bd1 h4 28. Qe3 a5 29. Bg4 b5 30. Rd6 Bd5 31. Qc5 Qe5 32. Rd1 Rf5 33. Bxf5 Qxf5 34. R6xd5 exd5 35. Qxd5+ 1/2-1/2

[Event "Luxembourg-chT 1415"]
[Site "Luxembourg"]
[Date "2014.10.05"]
[Round "1"]
[White "Lucifora, Nicolas"]
[Black "Stern, Geoffrey"]
[Result "1/2-1/2"]
[WhiteElo "1885"]
[BlackElo "2007"]
[PlyCount "91"]
[EventDate "2014.10.05"]
[EventType "team-tourn"]
[EventRounds "10"]
[EventCountry "LUX"]
[SourceTitle "EXT 2017"]
[Source "ChessBase"]
[SourceDate "2016.10.25"]
[SourceVersion "1"]
[SourceVersionDate "2016.10.25"]
[SourceQuality "1"]

1. e4 e6 2. d4 d5 3. e5 c5 4. c3 Nc6 5. Nf3 Bd7 6. a3 c4 7. Be3 Na5 8. Nbd2 Bc6 9. h4 Qd7 10. h5 Ba4 11. Qb1 0-0-0 12. g3 Kb8 13. Nh4 f6 14. Bf4 Ka8 15. Bh3 Qf7 16. exf6 Nxf6 17. g4 Nxg4 18. Bg3 Nf6 19. Nhf3 Bd6 20. Bxd6 Rxd6 21. Ne5 Qxh5 22. Bg2 Qe8 23. Qc1 Rf8 24. Rb1 h6 25. Nf1 Nc6 26. Nd2 Nd7 27. Nxd7 Rxd7 28. b3 Qf7 29. Rf1 cxb3 30. Nxb3 Bb5 31. Qb2 Bxf1 32. Kxf1 b6 33. c4 Rb7 34. a4 Na5 35. cxd5 exd5 36. Nc1 Nc4 37. Qc2 Rc8 38. Nd3 Qd7 39. Nb4 Re8 40. Qd3 Na5 41. Bxd5 Qd6 42. Qf3 Rd8 43. Bxb7+ Nxb7 44. Na6 Qxd4 45. Nc7+ Kb8 46. Na6+ 1/2-1/2

[Event "Luxembourg-chT 1314"]
[Site "Luxembourg"]
[Date "2014.04.27"]
[Round "10"]
[White "Hentges, John"]
[Black "Lucifora, Nicolas"]
[Result "1/2-1/2"]
[WhiteElo "1686"]
[BlackElo "1885"]
[PlyCount "87"]
[EventDate "2013.10.05"]
[EventType "team-tourn"]
[EventRounds "10"]
[EventCountry "LUX"]
[SourceTitle "EXT 2017"]
[Source "ChessBase"]
[SourceDate "2016.10.25"]
[SourceVersion "1"]
[SourceVersionDate "2016.10.25"]
[SourceQuality "1"]

1. d4 e6 2. Nf3 d5 3. Bf4 Nf6 4. h3 Nbd7 5. e3 a6 6. Bd3 c5 7. c3 Be7 8. Nbd2 0-0 9. 0-0 h6 10. Bh2 Qb6 11. Qc2 Bd6 12. Ne5 Qc7 13. f4 b5 14. Qd1 Bb7 15. Rc1 Rac8 16. Nxd7 Qxd7 17. Qf3 Rfe8 18. g4 c4 19. Bb1 Qe7 20. Bg3 Nh7 21. e4 dxe4 22. Bxe4 Bxe4 23. Nxe4 Qc7 24. Nxd6 Qxd6 25. f5 Qd5 26. fxe6 Qxf3 27. Rxf3 fxe6 28. Kg2 Nf6 29. Re1 Rcd8 30. Bh4 Kf7 31. g5 hxg5 32. Bxg5 Rd5 33. h4 Kg6 34. Rfe3 Kf7 35. Rf1 Kg6 36. Rfe1 Kf7 37. Re5 Rxe5 38. Rxe5 Nd5 39. a3 a5 40. Kf3 Rb8 41. Bd2 b4 42. cxb4 axb4 43. axb4 Nxb4 44. Rc5 1/2-1/2

[Event "BEL-ch op"]
[Site "Geel"]
[Date "1999.08.??"]
[Round "1.1"]
[White "Van den Brande, Werner"]
[Black "Lucifora, Nicolas"]
[Result "1-0"]
[WhiteElo "2207"]
[BlackElo "1781"]
[PlyCount "35"]
[EventDate "1999.08.21"]
[EventType "swiss"]
[EventRounds "9"]
[EventCountry "BEL"]
[SourceTitle "EXT 2021"]
[Source "ChessBase"]
[SourceDate "2020.10.23"]
[SourceVersion "1"]
[SourceVersionDate "2020.10.23"]
[SourceQuality "1"]

1. e4 c6 2. d4 d5 3. exd5 cxd5 4. c4 Nf6 5. Nc3 e6 6. Nf3 Be7 7. cxd5 Nxd5 8. Bd3 a6 9. 0-0 0-0 10. Re1 b5 11. Nxd5 exd5 12. Ne5 Bf6 13. Bf4 Re8 14. Bxh7+ Kxh7 15. Qh5+ Kg8 16. Qxf7+ Kh7 17. Qg6+ Kg8 18. Nf7 1-0

[Event "Luxembourg-ch"]
[Site "Luxembourg"]
[Date "1999.04.10"]
[Round "8"]
[White "Schmit, Francis"]
[Black "Lucifora, Nicolas"]
[Result "1/2-1/2"]
[WhiteElo "1950"]
[BlackElo "1758"]
[PlyCount "80"]
[EventDate "1999.04.03"]
[EventType "swiss"]
[EventRounds "9"]
[EventCountry "LUX"]
[SourceTitle "EXT 2005"]
[Source "ChessBase"]
[SourceDate "2004.11.15"]
[SourceVersion "1"]
[SourceVersionDate "2004.11.15"]
[SourceQuality "1"]

1. d4 Nf6 2. Nf3 d6 3. c4 c5 4. d5 g6 5. Nc3 Bg7 6. e4 Nbd7 7. Bd3 0-0 8. Bg5 h6 9. Be3 e5 10. Qd2 Ng4 11. h3 Nxe3 12. Qxe3 a6 13. Nh2 Qg5 14. Qxg5 hxg5 15. h4 gxh4 16. Nf3 Bf6 17. Nxh4 Bxh4 18. Rxh4 Kg7 19. a4 Nf6 20. a5 Bd7 21. Kd2 Rh8 22. Rah1 Rxh4 23. Rxh4 Rh8 24. Rxh8 Kxh8 25. Bc2 Kg7 26. f3 Kf8 27. Ne2 Nh5 28. Kc3 f5 29. exf5 gxf5 30. b4 cxb4+ 31. Kxb4 Ke7 32. Ba4 Bxa4 33. Kxa4 Nf6 34. Ng3 f4 35. Ne2 Nd7 36. Kb4 Nc5 37. Kc3 Na4+ 38. Kc2 Kd7 39. Nc3 Nxc3 40. Kxc3 Kc7 1/2-1/2

[Event "Luxembourg-ch"]
[Site "Luxembourg"]
[Date "1999.04.03"]
[Round "1"]
[White "Stull, Norbert"]
[Black "Lucifora, Nicolas"]
[Result "1-0"]
[WhiteElo "2179"]
[BlackElo "1758"]
[PlyCount "115"]
[EventDate "1999.04.03"]
[EventType "swiss"]
[EventRounds "9"]
[EventCountry "LUX"]
[SourceTitle "EXT 2005"]
[Source "ChessBase"]
[SourceDate "2004.11.15"]
[SourceVersion "1"]
[SourceVersionDate "2004.11.15"]
[SourceQuality "1"]

1. d4 Nf6 2. c4 c5 3. d5 b5 4. cxb5 a6 5. bxa6 g6 6. Nc3 Bxa6 7. Nf3 d6 8. e4 Bxf1 9. Kxf1 Bg7 10. g3 0-0 11. Kg2 e6 12. Re1 Na6 13. Nd2 exd5 14. exd5 Nd7 15. Nc4 Ne5 16. Nxe5 Bxe5 17. Bh6 Re8 18. Qd2 Nc7 19. Bf4 Qf6 20. Bxe5 Rxe5 21. Rxe5 Qxe5 22. Re1 Qd4 23. Re2 Kg7 24. a3 h6 25. Qe3 Qc4 26. Qf3 Re8 27. Rxe8 Nxe8 28. Qe4 Qxe4+ 29. Nxe4 f5 30. Nc3 Kf6 31. Kf3 Nc7 32. Ke3 Ke5 33. f4+ Kf6 34. Kd3 Ke7 35. Kc4 Kd7 36. b4 cxb4 37. axb4 Kc8 38. Nb5 Ne8 39. Nd4 Nf6 40. Nf3 Nd7 41. Nh4 Nf8 42. h3 h5 43. Kb5 Kb7 44. Nf3 Nd7 45. Kc4 Kb6 46. Ng5 Nf6 47. Kd4 Kb5 48. Nf7 Ne4 49. g4 Kxb4 50. g5 h4 51. Nh8 Nf2 52. Nxg6 Nxh3 53. Nxh4 Nxf4 54. g6 Nh5 55. Nxf5 Kb5 56. Nxd6+ Kb6 57. Ke5 Kc7 58. Ne8+ 1-0